LEADER 01065nam2-2200361---450- 001 990003229110203316 005 20091110092126.0 010 $a7204-2239-6 035 $a000322911 035 $aUSA01000322911 035 $a(ALEPH)000322911USA01 035 $a000322911 100 $a20090427d1971----km-y0itay50------ba 101 $aeng 102 $aNL 105 $a||||||||001yy 200 1 $aIntuitionism$ean introduction$fA. Heyting 210 $aAmsterdam$cNorth-Holland$d1971 215 $aVIII, 145 p.$cill.$d23 cm 225 2 $aStudies in logic and the foundations of mathematics$v20 410 1$1001000334586$12001$aStudies in logic and the foundations of mathematics$v20 606 0 $aAlgebra 676 $a512 700 1$aHEYTING,$bA.$0442160 801 0$aIT$bsalbc$gISBD 912 $a990003229110203316 951 $a510 SL 20$b4983/CBS$c510$d00218715 959 $aBK 969 $aSCI 979 $aRSIAV7$b90$c20090427$lUSA01$h1312 979 $aRSIAV7$b90$c20091110$lUSA01$h0921 996 $aIntuitionism$9921387 997 $aUNISA LEADER 01910nam0 22004093i 450 001 VAN00292002 005 20250424114351.624 017 70$2N$a9783031522390 100 $a20250424d2024 |0itac50 ba 101 $aeng 102 $aCH 105 $a|||| ||||| 181 $ai$b e 182 $ab 183 $acr 200 1 $aPhysics and Mechanics of New Materials and Their Applications$eProceedings of the International Conference PHENMA 2023$feditors Ivan A. Parinov, Shun-Hsyung Chang, Erni Puspanantasari Putri 210 $aCham$cSpringer$d2024 215 $aXXVI, 647 p.$cill.$d24 cm 410 1$1001VAN00126579$12001 $aSpringer Proceedings in Materials$1210 $aCham$cSpringer$d2019-$v41 620 $aCH$dCham$3VANL001889 676 $a620.5$cNanotecnologia$v22 676 $a620.14$cCeramica e materiali affini$v22 702 1$aChang$bShun-Hsyung$3VANV106693 702 1$aParinov$bIvan A.$3VANV106694 702 1$aPuspanantasari Putri$bErni$3VANV247661 712 $aSpringer $3VANV108073$4650 790 1$aParinov, I. A.$zParinov, Ivan A.$3VANV201133 790 1$aParinov, I.A.$zParinov, Ivan A.$3VANV201134 790 1$aParinov, Ivan Anatol'evi?$zParinov, Ivan A.$3VANV235020 801 $aIT$bSOL$c20250425$gRICA 856 4 $uhttps://link.springer.com/book/10.1007/978-3-031-52239-0$zE-book - Accesso al full-text attraverso riconoscimento IP di Ateneo, proxy e/o Shibboleth 899 $aBIBLIOTECA DEL DIPARTIMENTO DI SCIENZE E TECNOLOGIE AMBIENTALI BIOLOGICHE E FARMACEUTICHE$1IT-CE0101$2VAN17 912 $fN 912 $aVAN00292002 950 $aBIBLIOTECA DEL DIPARTIMENTO DI SCIENZE E TECNOLOGIE AMBIENTALI BIOLOGICHE E FARMACEUTICHE$d17CONS e-book 2394 $e17BIB2394/70 70 20250424 996 $aPhysics and Mechanics of New Materials and Their Applications$92031405 997 $aUNICAMPANIA